Normal view
MARC view
- الناهي، صلاح الدين وآخرون
Entry Personal Name
001 - CONTROL NUMBER
- control field: 50689
003 - CONTROL NUMBER IDENTIFIER
- control field: JO-AjAnu
005 - DATE AND TIME OF LATEST TRANSACTION
- control field: 20230606082338.0
008 - FIXED-LENGTH DATA ELEMENTS
- fixed length control field: 230606|| aca||aabn | a|a d
040 ## - CATALOGING SOURCE
- Original cataloging agency: JO-AjAnu
- Transcribing agency: JO-AjAnu
100 ## - HEADING--PERSONAL NAME
- Personal name: الناهي، صلاح الدين وآخرون
670 ## - SOURCE DATA FOUND
- Source citation: Work cat.: (JO-AjAnu)25912: الناهي، صلاح الدين وآخرون , author, القانون في حياتنا